000
00311nam a22001337a 4500
008
181009b xxu||||| |||| 00| 0 eng d
020
_a
9780766831834
041
_a
eng
080
_a
620
100
_a
26
101
_a
MEK
245
_a
Fundamentals of Electronics DC Circuits
_c
Terrell,D.L
942
_2
udc
_c
BK
999
_c
49185
_d
49185